Catálogo
 En Linea

Debe ser que no supimos / (Registro nro. 45898)

Detalles MARC
000 -CABECERA
campo de control de longitud fija 00783nam a2200217 a 4500
001 - NÚMERO DE CONTROL
campo de control 000046409
005 - FECHA Y HORA DE LA ÚLTIMA TRANSACCIÓN
campo de control 20201002052841.0
008 - DATOS DE LONGITUD FIJA--INFORMACIÓN GENERAL
campo de control de longitud fija 150810s2007 dr a 000 0 spa d
040 ## - FUENTE DE LA CATALOGACIÓN
Centro catalogador/agencia de origen DO-SdBNP
Lengua de catalogación spa
Centro/agencia transcriptor BNPHU
082 ## - NÚMERO DE LA CLASIFICACIÓN DECIMAL DEWEY
Número de clasificación Cu861.44
Número de documento/Ítem W582d
100 1# - ENTRADA PRINCIPAL--NOMBRE DE PERSONA
Nombre de persona White, Raysa,
Fechas asociadas al nombre 1952-
9 (RLIN) 74429
245 10 - MENCIÓN DE TÍTULO
Título Debe ser que no supimos /
Mención de responsabilidad, etc. Raysa White ; ilustraciones de la coreógrafa Rosario Cardenas.
260 ## - PUBLICACIÓN, DISTRIBUCIÓN, ETC.
Lugar de publicación, distribución, etc. Santo Domingo :
Nombre del editor, distribuidor, etc. Akerú Publicaciones,
Fecha de publicación, distribución, etc. 2007.
300 ## - DESCRIPCIÓN FÍSICA
Extensión 103 p. :
Otras características físicas il. ;
Dimensiones 20 cm.
500 ## - NOTA GENERAL
Nota general Incluye datos biográficos de la autora en la solapa de la contracubierta.
590 ## - NOTA LOCAL (RLIN)
Nota local Inventariado, 2019/LP
650 #4 - PUNTO DE ACCESO ADICIONAL DE MATERIA--TÉRMINO DE MATERIA
Término de materia o nombre geográfico como elemento de entrada Poesía cubana
9 (RLIN) 5226
650 #4 - PUNTO DE ACCESO ADICIONAL DE MATERIA--TÉRMINO DE MATERIA
Término de materia o nombre geográfico como elemento de entrada Literatura cubana
9 (RLIN) 1483
700 12 - PUNTO DE ACCESO ADICIONAL--NOMBRE DE PERSONA
Nombre de persona Cardenas, Rosario,
Término indicativo de función/relación il.
9 (RLIN) 74430
910 ## - DATOS DE OPCIÓN DEL USUARIO (OCLC)
Datos de opción del usuario Validado. Control de calidad MFF
Existencias
Estado de retiro Estado de pérdida No para préstamo Código de colección Localización permanente Ubicación/localización actual Ubicación en estantería Fecha de adquisición Número de inventario Total de préstamos Signatura topográfica completa Código de barras Fecha visto por última vez Precio válido a partir de Tipo de ítem Koha Nota pública
    Excluido de préstamo Patrimonio Dominicano Patrimonio Dominicano Patrimonio Dominicano Depósito 10.08.2015 LF1   Cu861.44 W582d 46409-10 25.06.2020 25.06.2020 Libro y Folleto Colección Patrimonio Dominicano Perteneció qa la biblioteca personal de Chiqui Vicioso / Fidelio Despradel.

Con tecnología Koha